|
|
|
|
| LEADER |
02176nam a2200577 i 4500 |
| 001 |
nkc20253705455 |
| 003 |
CZ PrNK |
| 005 |
20250916111411.0 |
| 007 |
ta |
| 008 |
250828t20252025xr a a 000 j cze |
| 015 |
|
|
|a cnb003705455
|
| 020 |
|
|
|a 978-80-7688-342-0
|q (brožováno)
|
| 035 |
|
|
|a (OCoLC)1544836056
|
| 040 |
|
|
|a ABG001
|b cze
|d OLA001
|d ABA001
|e rda
|
| 041 |
1 |
|
|a cze
|k eng
|h ita
|
| 072 |
|
7 |
|a 821.131.1-3
|x Italská próza
|2 Konspekt
|9 25
|
| 072 |
|
7 |
|a 821-93
|x Literatura pro děti a mládež (beletrie)
|2 Konspekt
|9 26
|
| 080 |
|
|
|a 821.131.1-32
|2 MRF
|
| 080 |
|
|
|a 159.942
|2 MRF
|
| 080 |
|
|
|a 821-93
|2 MRF
|
| 080 |
|
|
|a (0:82-32)
|2 MRF
|
| 080 |
|
|
|a (084.11)
|2 MRF
|
| 100 |
1 |
|
|a Mancini, Paolo,
|d 1971-
|7 xx0251685
|4 aut
|
| 240 |
1 |
0 |
|a Vinci le paure con Gioia.
|l Česky
|
| 245 |
1 |
0 |
|a Jak se malá Bára bála, a pak už nebála /
|c napsali Paolo Mancini a Luca de Leone ; ilustrovala Silvia Forzani
|
| 250 |
|
|
|a První české vydání
|
| 264 |
|
1 |
|a Praha :
|b Albi,
|c [2025]
|
| 264 |
|
4 |
|c ©2025
|
| 300 |
|
|
|a 79 nečíslovaných stran :
|b ilustrace (převážně barevné) ;
|c 20 cm
|
| 336 |
|
|
|a text
|b txt
|2 rdacontent
|
| 336 |
|
|
|a statický obraz
|b sti
|2 rdacontent
|
| 337 |
|
|
|a bez média
|b n
|2 rdamedia
|
| 338 |
|
|
|a svazek
|b nc
|2 rdacarrier
|
| 500 |
|
|
|a Přeloženo z anglického překladu italského originálu
|
| 500 |
|
|
|a Obálkový podnázev: pohádka o bubácích, kteří doopravdy zmizí...
|
| 650 |
0 |
7 |
|a strach
|7 ph117268
|2 czenas
|
| 650 |
0 |
9 |
|a fear
|2 eczenas
|
| 655 |
|
7 |
|a italské příběhy
|7 fd183393
|2 czenas
|
| 655 |
|
7 |
|a obrazové publikace
|7 fd132947
|2 czenas
|
| 655 |
|
7 |
|a publikace pro děti
|7 fd133156
|2 czenas
|
| 655 |
|
9 |
|a Italian stories
|2 eczenas
|
| 655 |
|
9 |
|a pictorial works
|2 eczenas
|
| 655 |
|
9 |
|a children's literature
|2 eczenas
|
| 700 |
1 |
|
|a De Leone, Luca,
|d 1974-
|7 xx0251456
|4 aut
|
| 700 |
1 |
|
|a Forzani, Silvia,
|d 1964-
|7 xx0335466
|4 ill
|
| 765 |
0 |
8 |
|i Název anglického překladu:
|t Face your fears with Joy!
|9 Česky
|
| 910 |
2 |
|
|a BOA001
|b 2-1549.232
|
| 990 |
|
|
|a BK
|
| 995 |
|
|
|a 01
|
| 991 |
|
|
|b 202509
|c NOV
|
| 996 |
6 |
|
|b 2611011368
|c 2-1549.232
|l MZK
|r Sklad / do 1 hodiny
|n 0
|p p.v.
|w 002016711
|u 000010
|a 1
|e BOA001
|j MZK50
|s P
|